Nfl Starting running backs 2022 - Statistics

General Stats
  • This quiz has been taken 94 times
  • The average score is 25 of 32
Answer Stats
Team Player % Correct
Vikings Dalvin Cook
91%
Titans Derrick Henry
91%
Cowboys Ezekiel Elliot
91%
Bengals Joe Mixon
91%
Colts Johnathan Taylor
90%
Giants Saquon Barkley
90%
Packers Aaron Jones
89%
Browns Nick Chubb
89%
Panthers Christian McCaffrey
88%
Saints Alvin Kamara
85%
Patriots Damien Harris
85%
Steelers Najee Harris
85%
Raiders Josh Jacobs
84%
Buccaneers Leonard Fournette
83%
Chargers Austin Ekeler
81%
Lions D'Andre Swift
81%
Bills Devin Singletary
80%
Bears David Montgomery
79%
Jaguars James Robinson
77%
Chiefs Clyde Edwards-Helaire
75%
Eagles Miles Sanders
75%
Rams Cam Akers
74%
Cardinals James Conner
74%
Broncos Javonte Williams
73%
Commanders Antonio Gibson
70%
Ravens J.K. Dobbins
70%
Jets Breece Hall
65%
Falcons Cordarrelle Patterson
65%
Dolphins Raheem Mostert
65%
49ers Elijah Mitchell
58%
Seahawks Rashaad Penny
57%
Texans Marlon Mack
21%
No matching quizzes found
Score Distribution
Percent of People with Each Score
Percentile by Number Answered
Your Score History
You have not taken this quiz